000 00333nam a22001457a 4500
003 OSt
008 240409b |||||||| |||| 00| 0 eng d
020 _a9789393839015
100 _aSINGH,Agya Jit
245 _aMental Health and Wellness
250 _a1st Ed
260 _aNew Delhi
_bEPH
_c2023
300 _a250
942 _2ddc
_cREF
999 _c12408
_d12408